|
|
|
|
| LEADER |
00000cam a2200000 a 4500 |
| 001 |
1/124917 |
| 008 |
220520s1975####gr | ||| |||| ||gre|| |
| 040 |
|
|
|a GR-MyUa
|b gre
|c GR-MyUa
|e AACR2
|
| 041 |
0 |
|
|a gre
|
| 082 |
7 |
|
|a 372.21
|2 (23)
|
| 100 |
1 |
|
|a Βαϊρακτάρη-Κοσμά, Αικατερίνη.
|
| 245 |
1 |
0 |
|a Ιστορία της προσχολικής αγωγής /
|b Αικατερίνης Σωτ. Κοσμά.
|
| 260 |
|
|
|a Θεσσαλονίκη,
|b [χ.ε.],
|c 1975.
|
| 300 |
|
|
|a 174 σ. ;
|c 22 εκ.
|
| 504 |
|
|
|a Βιβλιογραφία: σ. 169-171.
|
| 650 |
|
0 |
|a Education, Preschool
|z Greece.
|
| 650 |
|
0 |
|a Kindergarten facilities
|z Greece
|x History.
|
| 852 |
|
|
|a INST
|b RHODES
|c AKA
|e 20220520
|h 372.21 ΚΟΣ
|p 005400042844
|q 005400042844
|t BK
|y 0
|
| 970 |
|
|
|a Σιδερή
|b Νεκταρία
|z 2022/05/20
|